The theory and computerized design of statistical construction specification (Record no. 606591)

000 -LEADER
fixed length control field 00399nam a2200133Ia 4500
008 - FIXED-LENGTH DATA ELEMENTS--GENERAL INFORMATION
fixed length control field 231017s9999 xx 000 0 und d
082 ## - DEWEY DECIMAL CLASSIFICATION NUMBER
Classification number 630.07
082 ## - DEWEY DECIMAL CLASSIFICATION NUMBER
Author Mark BAR
245 #4 - TITLE STATEMENT
Title The theory and computerized design of statistical construction specification
245 #0 - TITLE STATEMENT
Statement of responsibility, etc. New Jersey department of transportation
260 ## - PUBLICATION, DISTRIBUTION, ETC.
Name of publisher, distributor, etc. New Jersey department of transportation
300 ## - PHYSICAL DESCRIPTION
Dimensions 30cm
942 ## - ADDED ENTRY ELEMENTS (KOHA)
Koha item type Report
Holdings
Withdrawn status Lost status Damaged status Not for loan Permanent Location Current Location Date acquired Total Checkouts Full call number Barcode Date last seen Price effective from Koha item type
        School of Civil and Environmental Engineering (SCEE) School of Civil and Environmental Engineering (SCEE) 10/17/2023   630.07 BAR NIT-1645 10/17/2023 10/17/2023 Report
© 2023 Central Library, National University of Sciences and Technology. All Rights Reserved.